| 000 | 01332nam a22003017a 4500 | ||
|---|---|---|---|
| 001 | 6773 | ||
| 003 | FISKH | ||
| 005 | 20250527113326.0 | ||
| 008 | 250527b cb ||||| |||| 00| 0 eng d | ||
| 020 | _a9780091717209 | ||
| 040 |
_aFISKH _beng _cFISKH _dFISKH |
||
| 050 | _aPZ7 | ||
| 082 | _a839.82374 | ||
| 100 |
_aProysen, Alf _d(1914–1970) |
||
| 245 |
_aMrs Pepperpot minds the baby / _cAlf Proysen ; Illustrated by David Arthur |
||
| 250 | _aThis edition first published in 1960 | ||
| 260 |
_aLondon : _bRedFox, _c1960 |
||
| 300 |
_a28 unnumbered pages : _bcolor illustrations ; _c20 cm |
||
| 505 | _aG | ||
| 520 | _aMrs. Pepperpot has a problem--a huge problem--she shrinks! And when she shrinks she finds herself in all sorts of trouble. When Mrs. Pepperpot agrees to mind baby Roger from next door, she doesn't know that she's going to shrink. How can she look after him when she's only as tall as a pepperpot? Baby Roger thinks she's a doll and jiggles and joggles her and throws her high in the air. Will Mrs. Pepperpot be able to keep the baby out of mischief until his mother comes to get him? | ||
| 521 | 8 |
_a380
_bLexile |
|
| 521 | 8 |
_aG
_bRaz-Plus |
|
| 650 |
_2Picture book _aFiction |
||
| 650 |
_2Babysitting _aSort |
||
| 700 |
_aArthur, David _dillustrator |
||
| 942 |
_2ddc _cBK _n0 |
||
| 999 |
_c6773 _d6773 |
||